| 000 | 00442 a2200133 4500 | ||
|---|---|---|---|
| 001 | 91613 | ||
| 082 | _aPR 1580 | ||
| 090 |
_c43767 _d43766 |
||
| 100 | _ausman Rafique; Prof Sikander Hayat and Nadeem Lehraseb, Advisors | ||
| 245 |
_aGeneric Megnatic Card Reader Interface (To develop a suitable , interface for ISO 7810 magnetic card reader) _n53 "B" EC |
||
| 260 |
_aRawalpindi _bNUST _c2001 |
||
| 300 | _a80p | ||
| 500 | _aBE Project Reports | ||
| 942 |
_aCAE NUST _kPR 1580 |
||
| 999 |
_c326686 _d326686 |
||